Loading...
| Literature - World | 0 | 9 | 0 | 1 | 90 | 35 | 102.00 | 4 | 9 | 0.00 | 0.00 |
| Literature - European | 0 | 8 | 1 | 1 | 75 | 47 | 88.00 | 4 | 8 | 0.00 | 0.00 |
| Fine Arts - Painting and Sculpture | 0 | 8 | 1 | 0 | 75 | 36 | 68.13 | 6 | 7 | 0.00 | 0.00 |
| Social Science | 0 | 7 | 0 | 2 | 70 | 73 | 109.29 | 1 | 7 | 0.00 | 0.00 |
| Literature - American | 0 | 6 | 0 | 1 | 60 | 58 | 105.67 | 2 | 6 | 0.00 | 0.00 |
| Literature - British | 0 | 5 | 1 | 0 | 45 | 55 | 99.60 | 1 | 5 | 0.00 | 0.00 |
| Science - Other | 0 | 4 | 0 | 1 | 40 | 111 | 126.00 | 1 | 3 | 0.00 | 0.00 |
| Science - Biology | 0 | 4 | 2 | 0 | 30 | 41 | 77.50 | 3 | 4 | 0.00 | 0.00 |
| Fine Arts - Other | 0 | 3 | 2 | 0 | 20 | 55 | 75.33 | 1 | 3 | 0.00 | 0.00 |
| Philosophy | 0 | 1 | 0 | 0 | 10 | 74 | 74.00 | 0 | 1 | 0.00 | 0.00 |
| History - World | 0 | 1 | 0 | 0 | 10 | 142 | 142.00 | 1 | 1 | 0.00 | 0.00 |
| Other Academic | 0 | 1 | 0 | 0 | 10 | 73 | 73.00 | 0 | 1 | 0.00 | 0.00 |
| Pop Culture | 0 | 1 | 0 | 0 | 10 | 146 | 146.00 | 0 | 1 | 0.00 | 0.00 |
| Religion | 0 | 1 | 0 | 0 | 10 | 129 | 129.00 | 1 | 1 | 0.00 | 0.00 |
| Science - Chemistry | 0 | 3 | 5 | 0 | 5 | 36 | 45.67 | 3 | 3 | 0.00 | 0.00 |
| History - European | 0 | 1 | 1 | 0 | 5 | 114 | 114.00 | 0 | 1 | 0.00 | 0.00 |
| Geography | 0 | 0 | 0 | 0 | 0 | 0.00 | 0 | 0 | 0.00 | 0.00 | |
| History - Other | 0 | 0 | 2 | 0 | -10 | 0.00 | 0 | 0 | 0.00 | 0.00 |